000 00566nam a22001935i 4500
001 48633
003 ES-MaACL
005 20230906161804.0
007 t|
008 961021s1855 sp ||||1| spa d
040 _aAR
_bspa
_cAR
080 _a821.134.2-4"18"
100 1 _aDíaz, Ventura.
_944157
245 1 0 _aEstudios prácticos administrativos, económicos y políticos /
_cpor Ventura Diaz.
260 _aMadrid :
_b[s.n.],
_c1855 (
_fImp. de Manuel Alvarez)
300 _av. ;
_c22 cm.
500 _aDos tomos en un volumen.
852 _aES-MaACL
_jE-13095
999 _c48633
_d48633